Państwa leżące na Zwrotniku Koziorożca - Statystyki

Ogólne statystyki
  • Ten quiz został rozwiązany 2 080 razy
  • Średni wynik to 8 z 10
Statystyki odpowiedzi
Państwo % Poprawnych
Argentyna
96%
Chile
96%
Australia
95%
Republika Południowej Afryki
93%
Brazylia
88%
Namibia
76%
Madagaskar
75%
Paragwaj
74%
Botswana
72%
Mozambik
71%
Nie znaleziono quizów pasujących do podanych kryteriów
Rozkład punktacji
Procent ludzi z każdym wynikiem
Percentyl według liczby udzielonych odpowiedzi
Twoja historia wyników
Nie rozwiązałeś tego quizu